000 00331nam a2200133Ia 4500
008 220204s9999 xx 000 0 und d
082 _a294.118
_bSUB
100 _aSubramaniam, Kamala
245 0 _aSrimad Bhagavatam
260 _aBombay
_bBharatiya Vidya Bhavan
_c1979
650 _aBhagavatam
650 _aHinduism
942 _cBK
999 _c35284
_d35284